<?xml version="1.0" encoding="UTF-8"?>
<record
    xmlns:xsi="http://www.w3.org/2001/XMLSchema-instance"
    xsi:schemaLocation="http://www.loc.gov/MARC21/slim http://www.loc.gov/standards/marcxml/schema/MARC21slim.xsd"
    xmlns="http://www.loc.gov/MARC21/slim">

  <leader>00961cam a2200253u  4500</leader>
  <datafield tag="952" ind1=" " ind2=" ">
    <subfield code="0">0</subfield>
    <subfield code="1">0</subfield>
    <subfield code="2">ddc</subfield>
    <subfield code="4">0</subfield>
    <subfield code="7">0</subfield>
    <subfield code="8">FOR</subfield>
    <subfield code="a">MES</subfield>
    <subfield code="b">MES</subfield>
    <subfield code="c">FOR </subfield>
    <subfield code="d">2021-12-27</subfield>
    <subfield code="e">35</subfield>
    <subfield code="g">3345.00</subfield>
    <subfield code="l">2</subfield>
    <subfield code="m">4</subfield>
    <subfield code="o">351.753 HAT/T</subfield>
    <subfield code="p">41329</subfield>
    <subfield code="r">2023-09-13 11:36:00</subfield>
    <subfield code="s">2023-08-14</subfield>
    <subfield code="v">3345.00</subfield>
    <subfield code="w">2021-12-27</subfield>
    <subfield code="y">BK</subfield>
    <subfield code="z">GL51R1</subfield>
  </datafield>
  <datafield tag="999" ind1=" " ind2=" ">
    <subfield code="c">41378</subfield>
    <subfield code="d">41378</subfield>
  </datafield>
  <controlfield tag="001">7838204</controlfield>
  <controlfield tag="003">OSt</controlfield>
  <controlfield tag="005">20211208105100.0</controlfield>
  <controlfield tag="008">840402s1935    ncua          000 0 eng  </controlfield>
  <datafield tag="010" ind1=" " ind2=" ">
    <subfield code="a">a  38001241 </subfield>
  </datafield>
  <datafield tag="020" ind1=" " ind2=" ">
    <subfield code="a">9781614273493</subfield>
  </datafield>
  <datafield tag="040" ind1=" " ind2=" ">
    <subfield code="a">DLC</subfield>
    <subfield code="c">CarP</subfield>
    <subfield code="d">DLC</subfield>
  </datafield>
  <datafield tag="050" ind1="0" ind2="0">
    <subfield code="a">HV8077</subfield>
    <subfield code="b">.H3</subfield>
  </datafield>
  <datafield tag="082" ind1=" " ind2=" ">
    <subfield code="a">351.753</subfield>
    <subfield code="b">HAT/T</subfield>
  </datafield>
  <datafield tag="100" ind1="1" ind2=" ">
    <subfield code="a">Hatcher, Julian S.</subfield>
    <subfield code="d">1888-1963</subfield>
    <subfield code="9">8937</subfield>
    <subfield code="q">(Julian Sommerville),</subfield>
  </datafield>
  <datafield tag="245" ind1="1" ind2="0">
    <subfield code="a">Textbook of firearms investigation, identification and evidence : together with the Textbook of pistols and revolvers,</subfield>
  </datafield>
  <datafield tag="260" ind1=" " ind2=" ">
    <subfield code="a">Marines, N.C.,</subfield>
    <subfield code="b">Small-arms technical publishing company</subfield>
    <subfield code="c">[c1935]</subfield>
  </datafield>
  <datafield tag="300" ind1=" " ind2=" ">
    <subfield code="a">xiii p., 1 l.,</subfield>
    <subfield code="b">342, vi p., 1 l., 533 p. incl. front., illus., diagrs.</subfield>
    <subfield code="c">22 cm.</subfield>
  </datafield>
  <datafield tag="650" ind1=" " ind2="0">
    <subfield code="a">Firearms</subfield>
    <subfield code="x">Identification. [from old catalog]</subfield>
  </datafield>
  <datafield tag="650" ind1=" " ind2="0">
    <subfield code="a">Pistols.</subfield>
  </datafield>
  <datafield tag="650" ind1=" " ind2="0">
    <subfield code="a">Revolvers.</subfield>
  </datafield>
  <datafield tag="906" ind1=" " ind2=" ">
    <subfield code="a">0</subfield>
    <subfield code="b">cbc</subfield>
    <subfield code="c">premunv</subfield>
    <subfield code="d">u</subfield>
    <subfield code="e">ncip</subfield>
    <subfield code="f">19</subfield>
    <subfield code="g">y-gencatlg</subfield>
  </datafield>
  <datafield tag="942" ind1=" " ind2=" ">
    <subfield code="2">ddc</subfield>
    <subfield code="c">BK</subfield>
    <subfield code="h">351.753</subfield>
    <subfield code="i">HAT/T</subfield>
    <subfield code="k">351.753</subfield>
    <subfield code="m">HAT/T</subfield>
  </datafield>
</record>
